Logs̕tica integral

Bibliographic Details
Main Author: Rojas Lp̤ez, Miguel David
Other Authors: Guisao Giraldo, Erica Yaneth
Format: eBook
Language:Spanish
Published: Bogot ̀: Ediciones de la U, 2011.
Subjects:
Online Access:Acceso restringido

MARC

LEADER 00000nam a22000007a 4500
005 20111025140823.0
008 111025s2011 ck |||||s|||| 00||0 spa d
020 |a 978-958-8675-43-5 
035 |a 5773 
040 |a vLex 
090 |c 2707  |d 2707 
100 1 |a Rojas Lp̤ez, Miguel David 
245 1 0 |a Logs̕tica integral  |h [Recurso electrn̤ico] /  |c Miguel David Rojas Lp̤ez, Erica Yaneth Guisao Giraldo 
256 |a Servicio en ln̕ea. 
260 |a Bogot ̀:  |b Ediciones de la U,  |c 2011. 
300 |a 1 recurso electrn̤ico 
500 |a Este texto hace una revisin̤ crt̕ica de referentes en el tema para consolidar un documento t︢il en el r̀ea de logs̕tica a todos los niveles. Los capt̕ulos presentan la fundamentacin̤ ter̤ica en cada tema y al final se diseą un instrumento que valida los conocimientos adquiridos y las competencias definidas para cada temt̀ica, adems̀, se presenta un caso de aplicacin̤ con una intervencin̤ real en el tema de inventarios. 
506 1 |a Contenido solo disponible en los productos indicados  |d vLex Global  |d vLex Global (Academic Edition, excluding Law Schools)  |d vLex Global (U.S. Academic Edition, Law Schools)  |d vLex Global (U.S. Academic Edition, excluding Law Schools)  |d vLex Global (Academic Edition, Law Schools) 
650 0 4 |a Logs̕tica (Industria)  |z Colombia 
700 1 |a Guisao Giraldo, Erica Yaneth 
740 0 |a vLex Libros (Servicio en ln̕ea) 
856 4 0 |u http://vlex.com/source/logistica-integral-5773  |z Acceso restringido 
942 |c BOOK